000 01441nam a2200361 a 4500
001 49676
003 BD-RjUL
005 20211209054719.0
008 160822s2000 enk b 001 0 eng
020 _a0335204260 (HB)
020 _a0335204252 (PB)
035 _a(BD-RjUL)49796
040 _aDLC
_cDLC
_dDLC
_dBD-RjUL
_beng
041 _aeng
082 0 0 _a361.007
_223
_bTHT 2000
100 1 _aThompson, Neil,
_d1955-
_9148946
245 1 0 _aTheory and practice in human services /
_cNeil Thompson.
260 _aPhiladelphia :
_bOpen University Press,
_cc2000
300 _ax, 168 p. ;
_c24 cm.
500 _aRev. ed. of: Theory and practice in health and social welfare. 1995.
504 _aIncludes bibliographical references (p.152-160) and index.
650 0 _aSocial service
_xResearch.
_9148947
650 0 _aHuman services
_xResearch.
_9148948
650 0 _aSocial service
_xPhilosophy.
_9148949
650 0 _aHuman services
_xPhilosophy.
_9148950
650 0 _aSocial work education.
_9148951
700 1 _aThompson, Neil,
_d1955-
_tTheory and practice in health and social welfare.
_9148952
856 4 2 _3Publisher description
_uhttp://www.loc.gov/catdir/description/mh051/99037620.html
856 4 2 _3Contributor biographical information
_uhttp://www.loc.gov/catdir/bios/mh051/99037620.html
856 4 1 _3Table of contents
_uhttp://www.loc.gov/catdir/toc/mh051/99037620.html
942 _2ddc
_cBK
999 _c49676
_d49676